| 000 | 00835nam a2200313 a 4500 | ||
|---|---|---|---|
| 003 | AR-BaBNM | ||
| 005 | 20251128210150.0 | ||
| 008 | 082120s2002 ||||||||||||||000 | spa|| | ||
| 020 | _a84-7080-971-7 | ||
| 040 | _cAR-BaBNM | ||
| 100 | 1 | _aSatrústegui, Joaquín | |
| 245 | 0 | 0 | _aQué es la monarquía |
| 260 |
_aBarcelona _bLa Gaya Ciencia _c1976 |
||
| 300 |
_a80 p. _bil. |
||
| 490 | 0 |
_aBiblioteca de divulgación política _vv. 13 |
|
| 650 | 4 | _aIDEOLOGIAS | |
| 650 | 4 | _aINSTITUCIONES POLITICAS | |
| 650 | 4 | _aMONARQUIA | |
| 650 | 4 | _aHISTORIA POLITICA | |
| 650 | 4 | _aSIGLO DIECINUEVE | |
| 650 | 4 | _aHISTORIA EUROPEA | |
| 650 | 4 | _aCIENCIAS POLITICAS | |
| 651 | 4 | _aEspaña | |
| 653 | _aHISTORIA ESPAÑOLA | ||
| 800 | 1 |
_aRegás, Rosa _edirector |
|
| 800 | 1 |
_aRegás, Oriol _edirector |
|
| 942 | _cBK | ||
| 998 | _cMariana | ||
| 999 |
_c14340 _d14340 |
||